[Event "Cheliabinsk Panchenko Memorial op-A"]
[Site "Cheliabinsk"]
[Date "2022.09.17"]
[Round "6"]
[White "Kuzmin, Roman"]
[Black "Vokarev, Sergey"]
[Result "0-1"]
[WhiteElo "2284"]
[BlackElo "2436"]
[PlyCount "90"]
[EventDate "2022.09.12"]
[EventType "swiss"]
[EventRounds "10"]
[EventCountry "RUS"]
[SourceTitle "CBM 210 Extra"]
[Source "ChessBase"]
[SourceDate "2022.11.30"]
[SourceVersion "1"]
[SourceVersionDate "2022.11.30"]
[SourceQuality "1"]

1. e4 c6 2. Nc3 d5 3. Qe2 d4 4. Nd1 e5 5. d3 c5 6. f4 exf4 7. Bxf4 Nc6 8. Nf3 Nge7 9. Qd2 Ng6 10. Bg3 Bd6 11. Bxd6 Qxd6 12. Nf2 Nce5 13. Nxe5 Nxe5 14. Be2 Be6 15. 0-0 0-0 16. Qf4 Rfd8 17. b3 Rac8 18. a4 Rc7 19. Nd1 f6 20. Nb2 Rc6 21. Rf2 Qc7 22. Qg3 Ng6 23. Qxc7 Rxc7 24. Kf1 Ne5 25. Ke1 Kf8 26. Kd2 Ke7 27. Rff1 Kd6 28. Rf2 Rh8 29. Bh5 Rcc8 30. Rd1 Rcd8 31. Be2 Rc8 32. Bh5 Rhf8 33. Be2 Rc7 34. Rc1 Rcf7 35. Rcf1 b6 36. Bh5 g6 37. Be2 h5 38. h4 Kc6 39. Bd1 a6 40. Be2 b5 41. Ra1 Kb6 42. Raf1 f5 43. exf5 Rxf5 44. Rxf5 Bxf5 45. Rd1 Rf7 0-1

[Event "Cheliabinsk Panchenko Memorial op-A"]
[Site "Cheliabinsk"]
[Date "2022.09.12"]
[Round "1"]
[White "Vokarev, Sergey"]
[Black "Plyasunov, Daniil"]
[Result "1/2-1/2"]
[WhiteElo "2436"]
[BlackElo "2144"]
[PlyCount "82"]
[EventDate "2022.09.12"]
[EventType "swiss"]
[EventRounds "10"]
[EventCountry "RUS"]
[SourceTitle "CBM 210 Extra"]
[Source "ChessBase"]
[SourceDate "2022.11.30"]
[SourceVersion "1"]
[SourceVersionDate "2022.11.30"]
[SourceQuality "1"]

1. Nf3 d5 2. g3 Nf6 3. Bg2 c5 4. 0-0 Nc6 5. d4 e6 6. c4 dxc4 7. dxc5 Qxd1 8. Rxd1 Bxc5 9. Nbd2 c3 10. bxc3 0-0 11. Nb3 Bb6 12. Ba3 Re8 13. Nfd4 Nxd4 14. cxd4 Nd5 15. Rac1 Bd7 16. Nc5 Bxc5 17. Bxc5 f5 18. Kf1 b6 19. Ba3 Rac8 20. Bb2 Ba4 21. Rxc8 Rxc8 22. Rc1 Rxc1+ 23. Bxc1 Bb5 24. Bd2 Bc4 25. a3 Nc7 26. Bc3 Nd5 27. Bb2 g5 28. Ke1 Kf7 29. Kd2 h6 30. Bc1 Kg7 31. Ke1 Kf7 32. Bf3 Nf6 33. Bc6 Bd5 34. Bb5 Ne4 35. f3 Nd6 36. Bd3 a5 37. h4 Kg6 38. hxg5 hxg5 39. Kf2 Kf6 40. Bc2 b5 41. Bd3 b4 1/2-1/2

[Event "Titled Tuesday intern op 03rd May Early"]
[Site "Chess.com INT"]
[Date "2022.05.03"]
[Round "8"]
[White "Bach, Ngoc Thuy Duong"]
[Black "Vokarev, Sergey"]
[Result "0-1"]
[WhiteElo "2192"]
[BlackElo "2437"]
[PlyCount "96"]
[EventDate "2022.05.03"]
[EventType "swiss (blitz)"]
[EventRounds "11"]
[EventCountry "USA"]
[SourceTitle "CBM 208 Extra"]
[Source "ChessBase"]
[SourceDate "2022.07.31"]
[SourceVersion "1"]
[SourceVersionDate "2022.07.31"]
[SourceQuality "1"]

1. d4 d5 2. c4 dxc4 3. e3 e5 4. d5 c6 5. Bxc4 Nf6 6. Nc3 Bb4 7. Bd2 0-0 8. dxc6 Nxc6 9. Nge2 e4 10. Qc2 Ne5 11. Nxe4 Bxd2+ 12. Nxd2 Bg4 13. f3 Rc8 14. Qb3 Nxc4 15. Nxc4 Be6 16. Rc1 Qc7 17. Qb4 a5 18. Qxa5 Bxc4 19. Qxc7 Rxc7 20. b3 Ra8 21. Rc2 Nd5 22. Rxc4 Rxc4 23. bxc4 Nxe3 24. Kf2 Nxc4 25. Rc1 Ne5 26. Rc7 g6 27. Rxb7 Rxa2 28. h3 h5 29. Ke3 Nc4+ 30. Kf2 h4 31. Rb4 Rc2 32. Ke1 Ne3 33. Kf2 Nf5 34. Re4 Kg7 35. Ke1 g5 36. Kd1 Ra2 37. Ke1 Kg6 38. Re5 f6 39. Re4 Nd6 40. Re6 Nc4 41. Re4 Ne5 42. f4 Nd3+ 43. Kf1 Ra1+ 44. Nc1 Rxc1+ 45. Ke2 Nxf4+ 46. Kf3 Rc3+ 47. Kf2 Rc2+ 48. Kf3 Nxg2 0-1

[Event "Titled Tuesday intern op 03rd May Early"]
[Site "Chess.com INT"]
[Date "2022.05.03"]
[Round "11"]
[White "Prohorov, Olexandr"]
[Black "Vokarev, Sergey"]
[Result "1/2-1/2"]
[WhiteElo "2086"]
[BlackElo "2437"]
[PlyCount "43"]
[EventDate "2022.05.03"]
[EventType "swiss (blitz)"]
[EventRounds "11"]
[EventCountry "USA"]
[SourceTitle "CBM 208 Extra"]
[Source "ChessBase"]
[SourceDate "2022.07.31"]
[SourceVersion "1"]
[SourceVersionDate "2022.07.31"]
[SourceQuality "1"]

1. Nf3 Nf6 2. c4 g6 3. Nc3 d5 4. cxd5 Nxd5 5. h4 h5 6. d4 Nb6 7. Bg5 Bg7 8. e3 Nc6 9. Be2 0-0 10. Rc1 Bg4 11. 0-0 a5 12. b3 Re8 13. a3 Qd6 14. Bf4 e5 15. Nb5 Qe7 16. dxe5 Rad8 17. Qc2 Nd5 18. Rfd1 Nxe5 19. Bg5 Bf6 20. Bxf6 Qxf6 21. Rxd5 Rxd5 22. Nxc7 1/2-1/2

[Event "Titled Tuesday intern op 19th Apr Early"]
[Site "Chess.com INT"]
[Date "2022.04.19"]
[Round "8"]
[White "Vidonyak, Roman"]
[Black "Vokarev, Sergey"]
[Result "0-1"]
[WhiteElo "2442"]
[BlackElo "2437"]
[PlyCount "48"]
[EventDate "2022.04.19"]
[EventType "swiss (blitz)"]
[EventRounds "11"]
[EventCountry "USA"]
[SourceTitle "EXT 2023"]
[Source "ChessBase"]
[SourceDate "2022.10.05"]
[SourceVersion "1"]
[SourceVersionDate "2022.10.05"]
[SourceQuality "1"]

1. d4 d5 2. c4 dxc4 3. e3 e5 4. Bxc4 exd4 5. exd4 Bd6 6. Nf3 Nf6 7. 0-0 0-0 8. Nc3 Nc6 9. h3 h6 10. Re1 Bf5 11. a3 Qd7 12. Be3 Rfe8 13. Qd2 Rad8 14. Rad1 Ne4 15. Nxe4 Bxe4 16. Nh2 Ne7 17. Ng4 Qf5 18. Bxh6 Nd5 19. Bxd5 Bxd5 20. Bg5 Rc8 21. Nh2 Qg6 22. Ng4 f6 23. Bf4 f5 24. Ne5 Qxg2# 0-1

[Event "Titled Tuesday intern op 12th Apr Early"]
[Site "Chess.com INT"]
[Date "2022.04.12"]
[Round "9"]
[White "Ahmadzada, Ahmad Samir"]
[Black "Vokarev, Sergey"]
[Result "0-1"]
[WhiteElo "2480"]
[BlackElo "2437"]
[PlyCount "101"]
[EventDate "2022.04.12"]
[EventType "swiss (blitz)"]
[EventRounds "11"]
[EventCountry "USA"]
[SourceTitle "CBM 207 Extra"]
[Source "ChessBase"]
[SourceDate "2022.05.31"]
[SourceVersion "1"]
[SourceVersionDate "2022.05.31"]
[SourceQuality "1"]

1. Nf3 Nf6 2. g3 g6 3. Bg2 Bg7 4. 0-0 0-0 5. b3 d5 6. Bb2 c6 7. c4 Bf5 8. d3 a5 9. a3 Na6 10. Nbd2 b5 11. Ne5 Qb6 12. cxd5 cxd5 13. Ndf3 Rac8 14. Nd4 Rfd8 15. Qd2 Nc5 16. Bc3 Nb7 17. b4 a4 18. Bb2 Ne8 19. Nxf5 gxf5 20. Rac1 Bh6 21. e3 d4 22. Nc6 dxe3 23. Nxe7+ Kf8 24. Nxc8 exd2 25. Nxb6 dxc1Q 26. Bxc1 Bxc1 27. Rxc1 Nbd6 28. Kf1 Ng7 29. Rc7 Ne6 30. Rd7 Rxd7 31. Nxd7+ Ke7 32. Ne5 Nd4 33. Nc6+ Nxc6 34. Bxc6 Ke6 35. d4 f4 36. Ke2 fxg3 37. hxg3 f5 38. Kd3 f4 39. gxf4 Kf5 40. Bf3 Kxf4 41. Bc6 h5 42. Bd7 h4 43. d5 Ke5 44. Be6 Nc4 45. Bd7 Nxa3 46. Bc6 h3 47. f4+ Kd6 48. f5 h2 49. f6 h1Q 50. f7 Qf1+ 51. Ke4 0-1

[Event "Titled Tuesday intern op 12th Apr Early"]
[Site "Chess.com INT"]
[Date "2022.04.12"]
[Round "2"]
[White "Fernandez Siles, Luis"]
[Black "Vokarev, Sergey"]
[Result "1/2-1/2"]
[WhiteElo "2229"]
[BlackElo "2437"]
[PlyCount "67"]
[EventDate "2022.04.12"]
[EventType "swiss (blitz)"]
[EventRounds "11"]
[EventCountry "USA"]
[SourceTitle "CBM 207 Extra"]
[Source "ChessBase"]
[SourceDate "2022.05.31"]
[SourceVersion "1"]
[SourceVersionDate "2022.05.31"]
[SourceQuality "1"]

1. e4 c5 2. Nf3 Nc6 3. c3 d5 4. exd5 Qxd5 5. d4 Bf5 6. dxc5 Qxd1+ 7. Kxd1 e5 8. Be3 0-0-0+ 9. Nbd2 Nge7 10. Rc1 Nd5 11. b4 f6 12. Bc4 g5 13. h3 Nxe3+ 14. fxe3 h5 15. Ke2 Be7 16. e4 Bd7 17. Bd5 f5 18. Nc4 g4 19. Nfxe5 Bg5 20. Rcd1 Nxe5 21. Nxe5 Ba4 22. Be6+ Kc7 23. Rxd8 Rxd8 24. Nc4 Bb5 25. Rd1 Rxd1 26. Kxd1 Bxc4 27. Bxc4 gxh3 28. gxh3 fxe4 29. Ke2 Bf6 30. Bd5 Bxc3 31. b5 Bd4 32. Bxe4 Bxc5 33. a4 h4 34. Bf5 1/2-1/2

[Event "Titled Tuesday intern op 05th Apr Early"]
[Site "Chess.com INT"]
[Date "2022.04.05"]
[Round "1"]
[White "Ardila, Oscar Humberto"]
[Black "Vokarev, Sergey"]
[Result "1/2-1/2"]
[WhiteElo "1988"]
[BlackElo "2437"]
[PlyCount "120"]
[EventDate "2022.04.05"]
[EventType "swiss (blitz)"]
[EventRounds "11"]
[EventCountry "USA"]
[SourceTitle "CBM 207 Extra"]
[Source "ChessBase"]
[SourceDate "2022.05.31"]
[SourceVersion "1"]
[SourceVersionDate "2022.05.31"]
[SourceQuality "1"]

1. d4 d5 2. c4 dxc4 3. Nc3 e5 4. e3 exd4 5. Qxd4 Qxd4 6. exd4 Nf6 7. Bxc4 Nc6 8. Be3 Bd6 9. 0-0-0 0-0 10. Nge2 a6 11. Rhe1 Bf5 12. Ng3 Bd7 13. h3 h6 14. a3 Rfe8 15. Kc2 Rad8 16. b4 Ne7 17. Kb2 c6 18. Rd2 Ned5 19. Nxd5 Nxd5 20. Rde2 Nf4 21. Bxf4 Bxf4 22. Rxe8+ Rxe8 23. Rxe8+ Bxe8 24. Ne4 Bd7 25. g3 Bc7 26. h4 Kf8 27. Nc5 Bc8 28. a4 b5 29. axb5 axb5 30. Bd3 Ke7 31. Be4 Kd6 32. Kc3 g5 33. hxg5 hxg5 34. Kd3 f5 35. Bf3 Bd8 36. Bh5 Bf6 37. f4 gxf4 38. gxf4 Bh4 39. Bf7 Be1 40. Ke3 Bxb4 41. Nd3 Ba3 42. Ne5 Bc1+ 43. Kf3 Bb2 44. Ke3 c5 45. dxc5+ Ke7 46. Bd5 Ba3 47. Nd3 b4 48. Kd4 Ba6 49. Bc4 Bb7 50. Ne5 Bb2+ 51. Kd3 Bxe5 52. fxe5 f4 53. Ke2 f3+ 54. Kf2 Bc6 55. Bb3 Be4 56. Ke3 Bc6 57. Bc4 Bb7 58. Bb3 Bc6 59. Bc4 Kd7 60. Bb3 Ke7 1/2-1/2

[Event "Titled Tuesday intern op 05th Apr Early"]
[Site "Chess.com INT"]
[Date "2022.04.05"]
[Round "7"]
[White "Kobalia, Mihail"]
[Black "Vokarev, Sergey"]
[Result "1/2-1/2"]
[WhiteElo "2596"]
[BlackElo "2437"]
[PlyCount "102"]
[EventDate "2022.04.05"]
[EventType "swiss (blitz)"]
[EventRounds "11"]
[EventCountry "USA"]
[SourceTitle "CBM 207 Extra"]
[Source "ChessBase"]
[SourceDate "2022.05.31"]
[SourceVersion "1"]
[SourceVersionDate "2022.05.31"]
[SourceQuality "1"]

1. e4 c5 2. Nf3 Nc6 3. Bb5 g6 4. Bxc6 bxc6 5. 0-0 Bg7 6. Re1 Nh6 7. c3 0-0 8. d4 cxd4 9. cxd4 d5 10. e5 f6 11. h3 fxe5 12. Nxe5 Qb6 13. Bxh6 Bxh6 14. b3 Rf4 15. Nf3 Bf5 16. Nbd2 Be4 17. Nxe4 dxe4 18. Ne5 Bg7 19. Qd2 Raf8 20. Re2 Bxe5 21. dxe5 Qc5 22. e6 Qd5 23. Qxd5 cxd5 24. Rd1 R4f5 25. Rd4 Re5 26. Red2 Rff5 27. g4 Rf3 28. Rxd5 Rxe6 29. Kg2 Rc3 30. Re2 Kf7 31. Rd4 e3 32. Rf4+ Kg7 33. fxe3 g5 34. Ra4 a6 35. Kf3 Kg6 36. Ra5 h6 37. Ra4 Rf6+ 38. Kg3 Rd3 39. Rd4 Rc3 40. Re4 Kf7 41. Rf2 Rxf2 42. Kxf2 Rc2+ 43. Kf3 Rxa2 44. Ra4 Rxa4 45. bxa4 Ke6 46. Ke4 a5 47. Kd4 Kd6 48. Kc4 Kc6 49. Kd4 Kd6 50. Kc4 Kc6 51. Kd4 Kd6 1/2-1/2

[Event "Titled Tuesday intern op 05th Apr Early"]
[Site "Chess.com INT"]
[Date "2022.04.05"]
[Round "3"]
[White "Vokarev, Sergey"]
[Black "Rustemov, Alexander"]
[Result "0-1"]
[WhiteElo "2437"]
[BlackElo "2525"]
[PlyCount "66"]
[EventDate "2022.04.05"]
[EventType "swiss (blitz)"]
[EventRounds "11"]
[EventCountry "USA"]
[SourceTitle "CBM 207 Extra"]
[Source "ChessBase"]
[SourceDate "2022.05.31"]
[SourceVersion "1"]
[SourceVersionDate "2022.05.31"]
[SourceQuality "1"]

1. e4 e6 2. d4 d5 3. exd5 exd5 4. Nf3 Bd6 5. c4 Nf6 6. c5 Be7 7. Bd3 0-0 8. 0-0 b6 9. Be3 bxc5 10. dxc5 Nbd7 11. Qc2 c6 12. Nbd2 a5 13. Rfe1 Ba6 14. Bxa6 Rxa6 15. Bd4 Re8 16. a4 Nf8 17. Re2 Ne6 18. Rae1 Ra7 19. g3 Rb7 20. b3 Bf8 21. Qc3 Rb4 22. Qa1 Nd7 23. Bc3 Rb7 24. Nd4 Ndxc5 25. Nxc6 Qc8 26. Nxa5 Ra7 27. Nf3 Ne4 28. Rc1 Qa6 29. Rxe4 dxe4 30. Ne5 e3 31. fxe3 Ng5 32. Nac4 Qb7 33. Rf1 Nh3# 0-1

[Event "Titled Tuesday intern op 05th Apr Early"]
[Site "Chess.com INT"]
[Date "2022.04.05"]
[Round "5"]
[White "Xu, Yi"]
[Black "Vokarev, Sergey"]
[Result "1/2-1/2"]
[WhiteElo "2507"]
[BlackElo "2437"]
[PlyCount "72"]
[EventDate "2022.04.05"]
[EventType "swiss (blitz)"]
[EventRounds "11"]
[EventCountry "USA"]
[SourceTitle "CBM 207 Extra"]
[Source "ChessBase"]
[SourceDate "2022.05.31"]
[SourceVersion "1"]
[SourceVersionDate "2022.05.31"]
[SourceQuality "1"]

1. e4 c5 2. Nf3 Nc6 3. Bb5 g6 4. 0-0 Bg7 5. Re1 Nf6 6. c3 0-0 7. h3 Qc7 8. d4 cxd4 9. cxd4 d5 10. e5 Ne4 11. Nbd2 Bf5 12. Nf1 Rac8 13. Ne3 Be6 14. Bd3 f6 15. exf6 exf6 16. Nxd5 Bxd5 17. Bxe4 Bxe4 18. Rxe4 Rcd8 19. Qb3+ Qf7 20. Qxf7+ Rxf7 21. Bf4 Rfd7 22. Rc1 f5 23. Re2 Nxd4 24. Nxd4 Bxd4 25. Be3 Bxe3 26. Rxe3 Rd1+ 27. Rxd1 Rxd1+ 28. Kh2 Rd2 29. Rb3 b6 30. Kg3 Kf7 31. Ra3 Rxb2 32. Rxa7+ Kf6 33. Rxh7 Rxa2 34. Rb7 Rb2 35. Kf3 Rb3+ 36. Ke2 Rb2+ 1/2-1/2

[Event "Titled Tuesday intern op 15 Mar Early"]
[Site "Chess.com INT"]
[Date "2022.03.15"]
[Round "8"]
[White "Foisor, Sabina Francesca"]
[Black "Vokarev, Sergey"]
[Result "1/2-1/2"]
[WhiteElo "2208"]
[BlackElo "2437"]
[PlyCount "106"]
[EventDate "2022.03.15"]
[EventType "swiss (blitz)"]
[EventRounds "11"]
[EventCountry "USA"]
[SourceTitle "CBM 207 Extra"]
[Source "ChessBase"]
[SourceDate "2022.05.31"]
[SourceVersion "1"]
[SourceVersionDate "2022.05.31"]
[SourceQuality "1"]

1. d4 d5 2. c4 dxc4 3. e3 e5 4. Bxc4 exd4 5. exd4 Bd6 6. Nf3 Nf6 7. 0-0 0-0 8. Bg5 h6 9. Bh4 Bg4 10. Qd3 Nc6 11. a3 Bxf3 12. Qxf3 Nxd4 13. Qxb7 Nf5 14. Bg3 Nxg3 15. hxg3 Bc5 16. Nc3 Rb8 17. Qc6 Qd4 18. b3 Rb6 19. Qf3 Qg4 20. Rad1 Qxf3 21. gxf3 Bxa3 22. Nd5 Nxd5 23. Rxd5 Bd6 24. Ra1 Ra8 25. Rf5 Rf8 26. Rxa7 g6 27. Rfa5 Kg7 28. Ra8 Rxa8 29. Rxa8 Bc5 30. Rc8 Rb7 31. Rd8 c6 32. Rc8 Rd7 33. Rxc6 Ba7 34. Ra6 Bc5 35. Ra2 Bb4 36. Kg2 h5 37. f4 f5 38. Kf3 Rd2 39. Rxd2 Bxd2 40. Ke2 Bb4 41. f3 Kf6 42. Kf2 g5 43. fxg5+ Kxg5 44. f4+ Kg6 45. Kg2 Kh6 46. Be6 Kg6 47. Kf3 Bc5 48. Bd7 Bb4 49. Be8+ Kh6 50. Ke3 Be1 51. Kf3 Bb4 52. Bd7 Kg6 53. Be8+ Kh6 1/2-1/2

[Event "Titled Tuesday intern op 15 Mar Early"]
[Site "Chess.com INT"]
[Date "2022.03.15"]
[Round "6"]
[White "Vokarev, Sergey"]
[Black "Devaev, Alexander"]
[Result "1-0"]
[WhiteElo "2437"]
[BlackElo "2325"]
[PlyCount "81"]
[EventDate "2022.03.15"]
[EventType "swiss (blitz)"]
[EventRounds "11"]
[EventCountry "USA"]
[SourceTitle "CBM 207 Extra"]
[Source "ChessBase"]
[SourceDate "2022.05.31"]
[SourceVersion "1"]
[SourceVersionDate "2022.05.31"]
[SourceQuality "1"]

1. e4 c6 2. d4 d5 3. Nd2 dxe4 4. Nxe4 Nf6 5. Nxf6+ exf6 6. c3 Bd6 7. Bd3 Na6 8. Qc2 Nc7 9. Ne2 Nd5 10. 0-0 h5 11. Bd2 Kf8 12. Rae1 g6 13. a3 b5 14. Ng3 Qc7 15. f4 Bd7 16. Qc1 f5 17. b3 Re8 18. Rxe8+ Bxe8 19. c4 bxc4 20. bxc4 Nf6 21. Bb4 c5 22. dxc5 Bxc5+ 23. Kh1 h4 24. Ne2 Bxb4 25. axb4 h3 26. Qc3 hxg2+ 27. Kxg2 Bc6+ 28. Kg1 Kg7 29. Ng3 Re8 30. b5 Ba8 31. c5 Re3 32. Qd4 Re8 33. c6 Rd8 34. Qc3 a6 35. Rf2 axb5 36. Bxb5 Rd1+ 37. Nf1 Qb6 38. Ba4 Qc7 39. Bxd1 Kh7 40. Bf3 Ng8 41. Qe5 1-0

[Event "Ekaterinburg Scerbin Memorial"]
[Site "Ekaterinburg"]
[Date "2021.12.18"]
[Round "7"]
[White "Vokarev, Sergey"]
[Black "Ponkratov, Pavel"]
[Result "0-1"]
[WhiteElo "2437"]
[BlackElo "2641"]
[PlyCount "78"]
[EventDate "2021.12.18"]
[EventType "swiss (rapid)"]
[EventRounds "9"]
[EventCountry "RUS"]
[SourceTitle "CBM 205 Extra"]
[Source "ChessBase"]
[SourceDate "2022.01.31"]
[SourceVersion "1"]
[SourceVersionDate "2022.01.31"]
[SourceQuality "1"]

1. e4 c5 2. Nf3 Nc6 3. d4 cxd4 4. Nxd4 e5 5. Nb5 d6 6. c4 g6 7. Be2 a6 8. N5c3 Bg7 9. Nd5 Nh6 10. Be3 0-0 11. Qd2 Ng4 12. Bxg4 Bxg4 13. Nbc3 Be6 14. 0-0 Rc8 15. Rfd1 Nd4 16. b3 Kh8 17. Rac1 f5 18. exf5 Nxf5 19. Bg5 Qe8 20. Ne4 Qf7 21. Ne3 h6 22. Nxf5 Qxf5 23. Nxd6 Qxg5 24. Qxg5 hxg5 25. Nxc8 Rxc8 26. Rd6 Re8 27. Rcd1 Kh7 28. Rb6 Re7 29. Rdd6 Bf5 30. h3 Bf8 31. Rd8 Rf7 32. b4 Be4 33. Re8 Bc6 34. Rxe5 Bg7 35. Re6 Bd4 36. c5 Rxf2 37. Rexc6 bxc6 38. Kh2 Be5+ 39. Kg1 Bg3 0-1

[Event "Titled Tuesday intern op 11th Aug"]
[Site "Chess.com INT"]
[Date "2020.08.11"]
[Round "7"]
[White "Vokarev, Sergey"]
[Black "Palacio, Igor Da Paz"]
[Result "1-0"]
[WhiteElo "2437"]
[BlackElo "2172"]
[PlyCount "99"]
[EventDate "2020.08.11"]
[EventType "swiss (blitz)"]
[EventRounds "10"]
[EventCountry "USA"]
[SourceTitle "CBM 197 Extra"]
[Source "ChessBase"]
[SourceDate "2020.09.30"]
[SourceVersion "1"]
[SourceVersionDate "2020.09.30"]
[SourceQuality "1"]

1. e4 d6 2. d4 Nf6 3. Nc3 g6 4. g3 Bg7 5. Bg2 0-0 6. Nge2 e5 7. 0-0 Nc6 8. dxe5 dxe5 9. Bg5 h6 10. Qxd8 Rxd8 11. Bxf6 Bxf6 12. Nd5 Kg7 13. Nxc7 Rb8 14. Nd5 Be6 15. c3 Be7 16. Nxe7 Nxe7 17. Rfd1 Rxd1+ 18. Rxd1 Bxa2 19. Rd7 Kf8 20. Nc1 Be6 21. Rd6 Ke8 22. f4 Nc6 23. Kf2 Rd8 24. Rxd8+ Kxd8 25. Ke3 f6 26. Nd3 b6 27. h4 Ke7 28. Bf3 h5 29. Bd1 Na5 30. fxe5 Nc4+ 31. Kd4 fxe5+ 32. Nxe5 Nxb2 33. Nxg6+ Kf6 34. Bxh5 Bf7 35. e5+ Kg7 36. Nf4 a5 37. e6 Bxh5 38. Nxh5+ Kf8 39. Ke5 Ke7 40. Nf4 Nc4+ 41. Kd4 Nd6 42. Nd5+ Kxe6 43. Nxb6 Nf5+ 44. Ke4 Nxg3+ 45. Kf4 Ne2+ 46. Kg5 Nxc3 47. h5 Ne4+ 48. Kg6 Nf6 49. h6 Ke7 50. Nd5+ 1-0

[Event "Titled Tuesday intern op 14th July"]
[Site "Chess.com INT"]
[Date "2020.07.14"]
[Round "10"]
[White "Vokarev, Sergey"]
[Black "Delorme, Alban"]
[Result "0-1"]
[WhiteElo "2437"]
[BlackElo "2322"]
[PlyCount "44"]
[EventDate "2020.07.14"]
[EventType "swiss (blitz)"]
[EventRounds "10"]
[EventCountry "USA"]
[SourceTitle "CBM 197 Extra"]
[Source "ChessBase"]
[SourceDate "2020.09.30"]
[SourceVersion "1"]
[SourceVersionDate "2020.09.30"]
[SourceQuality "1"]

1. e4 c5 2. Nf3 Nc6 3. d4 cxd4 4. Nxd4 Nf6 5. Nc3 d6 6. Be2 Nxd4 7. Qxd4 g6 8. Bg5 Bg7 9. Nd5 0-0 10. Bxf6 exf6 11. 0-0-0 f5 12. Qb4 Re8 13. exf5 Rxe2 14. Ne3 Bxf5 15. Nxf5 gxf5 16. Rxd6 Qg5+ 17. Kb1 Rae8 18. Rhd1 Qxg2 19. Rd7 Qxf2 20. Qc4 R2e6 21. Qc7 Rb6 22. b3 Rc6 0-1

[Event "Titled Tuesday intern op 14th April"]
[Site "Chess.com INT"]
[Date "2020.04.14"]
[Round "8"]
[White "Baum, Jonasz"]
[Black "Vokarev, Sergey"]
[Result "0-1"]
[WhiteElo "2373"]
[BlackElo "2437"]
[PlyCount "138"]
[EventDate "2020.04.14"]
[EventType "swiss (blitz)"]
[EventRounds "10"]
[EventCountry "USA"]
[SourceTitle "EXT 2021"]
[Source "ChessBase"]
[SourceDate "2020.10.23"]
[SourceVersion "1"]
[SourceVersionDate "2020.10.23"]
[SourceQuality "1"]

1. e4 c5 2. Nf3 Nc6 3. d4 cxd4 4. Nxd4 Nf6 5. Nc3 g6 6. Nxc6 dxc6 7. Qxd8+ Kxd8 8. Bf4 Nd7 9. 0-0-0 Ke8 10. h4 h5 11. e5 Bg7 12. e6 fxe6 13. Bd3 Kf7 14. Ne4 Bf6 15. Ng5+ Bxg5 16. Bxg5 Nf6 17. Rhe1 a5 18. f3 a4 19. a3 Ra5 20. Bd2 Rd5 21. Bc4 Rdd8 22. Bc3 b5 23. Ba2 Rhe8 24. b3 Rxd1+ 25. Kxd1 Nd5 26. Be5 Rd8 27. Kc1 axb3 28. cxb3 c5 29. g4 Bb7 30. gxh5 gxh5 31. a4 Nb4 32. Bb1 bxa4 33. bxa4 Nd3+ 34. Bxd3 Rxd3 35. f4 Ra3 36. Rg1 Rxa4 37. Rg7+ Ke8 38. Kd2 Bf3 39. Kc3 Bg4 40. Rh7 Re4 41. Rg7 Be2 42. Rh7 Ra4 43. Rg7 Ra3+ 44. Kd2 Bg4 45. Bb2 Rh3 46. Rg8+ Kd7 47. Rg7 Rh2+ 48. Kc1 Rxh4 49. Bf6 Rh1+ 50. Kd2 Kd6 51. Bxe7+ Kc6 52. Rg5 Rh2+ 53. Kc3 Bf5 54. Bf6 Kd5 55. Rg8 Rh3+ 56. Kd2 c4 57. Rd8+ Kc5 58. Be5 Rd3+ 59. Rxd3 Bxd3 60. Bf6 Bf5 61. Ke3 Kb4 62. Kd2 Kb3 63. Kc1 c3 64. Bg5 c2 65. Bf6 Kc4 66. Bh4 Kd3 67. Bg5 Ke3 68. Kb2 Kf3 69. Kc1 Kg3 0-1

[Event "Titled Tuesday intern op 14th April"]
[Site "Chess.com INT"]
[Date "2020.04.14"]
[Round "2"]
[White "Vokarev, Sergey"]
[Black "Sarana, Alexey"]
[Result "0-1"]
[WhiteElo "2437"]
[BlackElo "2654"]
[PlyCount "70"]
[EventDate "2020.04.14"]
[EventType "swiss (blitz)"]
[EventRounds "10"]
[EventCountry "USA"]
[SourceTitle "EXT 2021"]
[Source "ChessBase"]
[SourceDate "2020.10.23"]
[SourceVersion "1"]
[SourceVersionDate "2020.10.23"]
[SourceQuality "1"]

1. e4 c5 2. Nf3 d6 3. d4 cxd4 4. Qxd4 Nf6 5. Bb5+ Nc6 6. c4 g6 7. Nc3 Bg7 8. 0-0 0-0 9. Qd3 Nd7 10. Be3 Nde5 11. Nxe5 Nxe5 12. Qe2 Be6 13. Nd5 Bxd5 14. cxd5 a6 15. Ba4 b5 16. Bb3 Rc8 17. Rac1 Qa5 18. Bd2 Qb6 19. Be3 Qa5 20. Bd2 Qb6 21. Be3 Qb7 22. f3 a5 23. a3 a4 24. Ba2 Nc4 25. Bxc4 bxc4 26. Rxc4 Qb3 27. Rb4 Rc2 28. Qe1 Qd3 29. Rf2 Rfc8 30. Rxc2 Qxc2 31. Qd2 Qb1+ 32. Kf2 h5 33. Kg3 Rc2 34. Rb8+ Kh7 35. Qb4 Qf1 0-1

[Event "Titled Tuesday intern op 3rd March"]
[Site "Chess.com INT"]
[Date "2020.03.03"]
[Round "6"]
[White "Gelman, Alexander"]
[Black "Vokarev, Sergey"]
[Result "0-1"]
[WhiteElo "2403"]
[BlackElo "2437"]
[PlyCount "56"]
[EventDate "2020.03.03"]
[EventType "swiss (blitz)"]
[EventRounds "10"]
[EventCountry "USA"]
[SourceTitle "EXT 2021"]
[Source "ChessBase"]
[SourceDate "2020.10.23"]
[SourceVersion "1"]
[SourceVersionDate "2020.10.23"]
[SourceQuality "1"]

1. e4 c5 2. b4 b6 3. a3 e6 4. Nf3 Bb7 5. bxc5 bxc5 6. Nc3 Nc6 7. Rb1 Rb8 8. Bc4 Nge7 9. 0-0 Ng6 10. d4 cxd4 11. Nxd4 Bc5 12. Ndb5 0-0 13. Qh5 d6 14. Rd1 Qe7 15. Na4 Rfd8 16. Nxc5 dxc5 17. Bg5 f6 18. Be3 a6 19. Bxc5 Rxd1+ 20. Rxd1 Nf4 21. Bxe7 Nxh5 22. Bxe6+ Kh8 23. Bd6 Rd8 24. Nc7 Nf4 25. Bg4 h5 26. Bxf4 Nd4 27. Bxh5 g6 28. Bg4 f5 0-1